| 000 -LEADER |
| fixed length control field |
01427cam a2200397 a 4500 |
| 001 - CONTROL NUMBER |
| control field |
16464842 |
| 003 - CONTROL NUMBER IDENTIFIER |
| control field |
NUST |
| 005 - DATE AND TIME OF LATEST TRANSACTION |
| control field |
20190730103504.0 |
| 008 - FIXED-LENGTH DATA ELEMENTS--GENERAL INFORMATION |
| fixed length control field |
100917s2011 maua 001 0 eng |
| 010 ## - LIBRARY OF CONGRESS CONTROL NUMBER |
| LC control number |
2010483792 |
| 020 ## - INTERNATIONAL STANDARD BOOK NUMBER |
| International Standard Book Number |
9780136022305 |
| 020 ## - INTERNATIONAL STANDARD BOOK NUMBER |
| International Standard Book Number |
0136022308 |
| 038 ## - RECORD CONTENT LICENSOR |
| Staff Name |
SMME |
| 040 ## - CATALOGING SOURCE |
| Original cataloging agency |
DLC |
| Transcribing agency |
DLC |
| Modifying agency |
DLC |
| 050 00 - LIBRARY OF CONGRESS CALL NUMBER |
| Classification number |
TA405 |
| Item number |
.H47 2011 |
| 082 ## - DEWEY DECIMAL CLASSIFICATION NUMBER |
| Classification number |
620.112 |
| Author Mark |
HIB |
| 100 1# - MAIN ENTRY--PERSONAL NAME |
| Personal name |
Hibbeler, R. C. |
| 9 (RLIN) |
1019 |
| 245 10 - TITLE STATEMENT |
| Title |
Mechanics of materials / |
| Statement of responsibility, etc. |
R.C. Hibbeler. |
| 250 ## - EDITION STATEMENT |
| Edition statement |
9th ed. |
| 260 ## - PUBLICATION, DISTRIBUTION, ETC. |
| Place of publication, distribution, etc. |
Boston : |
| Name of publisher, distributor, etc. |
Prentice Hall, |
| Date of publication, distribution, etc. |
c2018. |
| 300 ## - PHYSICAL DESCRIPTION |
| Extent |
xv, 862 p. : |
| Other physical details |
ill. (chiefly col.) ; |
| Dimensions |
25 cm. |
| 500 ## - GENERAL NOTE |
| General note |
Includes index. |
| 500 ## - GENERAL NOTE |
| General note |
Tables and equations printed on endpapers. |
| 500 ## - GENERAL NOTE |
| General note |
Includes access code usable only once to establish a subscription to the online version. |
| 650 #0 - SUBJECT ADDED ENTRY--TOPICAL TERM |
| Topical term or geographic name entry element |
Materials. |
| 9 (RLIN) |
1466 |
| 650 #0 - SUBJECT ADDED ENTRY--TOPICAL TERM |
| Topical term or geographic name entry element |
Mechanics, Applied. |
| 9 (RLIN) |
13090 |
| 650 #0 - SUBJECT ADDED ENTRY--TOPICAL TERM |
| Topical term or geographic name entry element |
Strength of materials. |
| 9 (RLIN) |
563 |
| 650 #0 - SUBJECT ADDED ENTRY--TOPICAL TERM |
| Topical term or geographic name entry element |
Structural analysis (Engineering) |
| 9 (RLIN) |
654 |
| 650 #0 - SUBJECT ADDED ENTRY--TOPICAL TERM |
| Topical term or geographic name entry element |
Materials |
| Form subdivision |
Problems, exercises, etc. |
| 9 (RLIN) |
18869 |
| 650 #0 - SUBJECT ADDED ENTRY--TOPICAL TERM |
| Topical term or geographic name entry element |
Mechanics, Applied |
| Form subdivision |
Problems, exercises, etc. |
| 9 (RLIN) |
18886 |
| 650 #0 - SUBJECT ADDED ENTRY--TOPICAL TERM |
| Topical term or geographic name entry element |
Strength of materials |
| Form subdivision |
Problems, exercises, etc. |
| 9 (RLIN) |
18870 |
| 650 #0 - SUBJECT ADDED ENTRY--TOPICAL TERM |
| Topical term or geographic name entry element |
Structural analysis (Engineering) |
| Form subdivision |
Problems, exercises, etc. |
| 9 (RLIN) |
18887 |
| 906 ## - LOCAL DATA ELEMENT F, LDF (RLIN) |
| a |
7 |
| b |
cbc |
| c |
origcop |
| d |
2 |
| e |
ncip |
| f |
20 |
| g |
y-gencatlg |
| 942 ## - ADDED ENTRY ELEMENTS (KOHA) |
| Source of classification or shelving scheme |
|
| Koha item type |
Book |